01596nam a2200457 i 450000100060000000300080000600500170001400600190003100700150005000800410006502000270010602000180013303500230015103500240017403500250019803500210022304000310024405000220027508000100029708200140030710000250032124501100034626400390045630000410049533600310053633700330056733800430060049000450064350000220068850400280071058801280073865000200086665000190088665000260090565000220093165000210095365000320097465500270100683000430103385600620107645116FlNmELB20241216231654.0m o d | cr cnu||||||||140909s2013 sp ob 001 0 spa d a9788490640494 (e-book) z9788490297735 a(MiAaPQ)EBC3222717 a(Au-PeEL)EBL3222717 a(CaPaEBR)ebr10903366 a(OCoLC)991964821 aFINmELBbspaerdacFINmELB 4aTR850b.C891 2013 a791.40 a778.52231 aCuadra, Elena de la.10aDocumentación cinematográfica :broles y fuentes del documentalista en el cine /cElena de la Cuadra. 1aBarcelona :bEditorial UOC,c2013. a1 recurso en línea (101 páginas) atextobtxt2rdacontent/spa acomputadorabc2rdamedia/spa arecurso en líneabcr2rdacarrier/spa1 aEl profesional de la información ;v19 aIncluye índice. aIncluye bibliografía. aDescripción basada en recurso en línea; Título de la página del título en PDF (e-libro, visto September 9, 2014). 0aCinematography. 0aDocumentation. 0aInformation services. 4aCinematografía. 4aDocumentación. 4aServicios de información. 4aLibros electrónicos. 0aProfesional de la información ;v19.40uhttps://elibro.net/ereader/politecnicointernacional/57613